Mitología clásica y música occidental /
Сохранить в:
| Главный автор: | |
|---|---|
| Формат: | |
| Язык: | испанский |
| Опубликовано: |
Alcalá de Henares, España :
Universidad de Alcalá,
1997, c1997
|
| Предметы: | |
| Метки: |
Нет меток, Требуется 1-ая метка записи!
|
MARC
| LEADER | 00000nam^a2200000^a^4500 | ||
|---|---|---|---|
| 001 | 000164854 | ||
| 005 | 20250521000000.0 | ||
| 009 | 20260310100957.582 | ||
| 020 | |a 84-8138-204-3 | ||
| 037 | |a Acervo ITESO - Biblioteca | ||
| 041 | |a ESP | ||
| 082 | |a 785. |b RUI | ||
| 100 | |a Ruiz de Elvira, Antonio |e (autor) | ||
| 245 | 1 | 0 | |a Mitología clásica y música occidental / |c A. Ruiz de Elvira. |
| 264 | 4 | |a Alcalá de Henares, España : |b Universidad de Alcalá, |c 1997, c1997 | |
| 300 | |a 137 p. | ||
| 336 | |a texto |b txt |2 rdacontenido | ||
| 337 | |a sin mediación |b n |2 rdamedio | ||
| 338 | |a volumen |b nc |2 rdasoporte | ||
| 649 | |a XX | ||
| 650 | |a Músicos Alemanes | ||
| 650 | |a Artistas Alemanes | ||
| 650 | |a Mitología Clásica en la Música - |x Historia y Crítica | ||
| 650 | |a Historia Antigua en la Música - |x Historia y Crítica | ||
| 650 | |a Música Barroca - |z Alemania - |x Historia y Crítica | ||
| 650 | |a Música Barroca - |x Historia y Crítica | ||
| 650 | |a Música Romántica - |z Alemania - |x Historia y Crítica | ||
| 650 | |a Música Romántica - |x Historia y Crítica | ||
| 650 | |a Música de Concierto - |z Alemania - |x Historia y Crítica | ||
| 650 | |a Música de Concierto - |x Historia y Crítica | ||
| 650 | |a Música Alemana - |x Historia y Crítica | ||
| 650 | |a Grecia - |x Historia | ||
| 650 | |a Roma - |x Historia | ||
| 650 | |a Wagner, Richard | ||
| 650 | |a Bach, Johann Sebastian | ||
| 910 | |a Fondo General | ||
| 920 | |a Impresos - Libros | ||
| 930 | |a Colección General | ||
| 905 | |a 101 | ||
| 901 | |a 0500098734 |b IT1 |c ACC |u 20250521 | ||
| 902 | |a https://opac.biblio.iteso.mx/vufind/Record/000164854 | ||